000 00450nam a22001937a 4500
003 MPLRDC
005 20220104114020.0
008 210129b ||||| |||| 00| 0 eng d
020 _a957-560-029-0
082 _a848.2 QJ v.1
100 _a琦君著
245 _a与我同车
_c
250 _a十三版
260 _a
_b九歌出版社
_c1990
300 _b
490 _a九歌文库;17
650 _a现代别集
942 _cBK
_o848.2 QJ v.1
999 _c4152
_d4142